000
00254nam a2200109Ia 4500
008
200302s9999 xx 000 0 und d
100
_a
Rolf Jensen
245
_a
Cities of Vision
260
_b
Applied Science Publishers Lid
260
_c
174
300
_a
382
999
_c
5239
_d
5239